Bệnh đau đầu

保存先:
書誌詳細
第一著者: Yang, Xin
フォーマット: 図書
言語:Undetermined
出版事項: Hà Nội Nhà xuất bản Hà Nội 2005
主題:
タグ: タグ追加
タグなし, このレコードへの初めてのタグを付けませんか!
Thư viện lưu trữ: Trung tâm Học liệu Trường Đại học Cần Thơ
LEADER 00551nam a2200205Ia 4500
001 CTU_91606
008 210402s9999 xx 000 0 und d
020 |c 27500 
082 |a 616.8 
082 |b Y22 
100 |a Yang, Xin 
245 0 |a Bệnh đau đầu 
245 0 |c Xin Yang; Hà Sơn dịch 
260 |a Hà Nội 
260 |b Nhà xuất bản Hà Nội 
260 |c 2005 
650 |a Headache,Acupressure 
650 |x Disease,Disease 
904 |i Mai Loan 
980 |a Trung tâm Học liệu Trường Đại học Cần Thơ